Normal view
MARC view
- Wenders Wim
Entry Personal Name
001 - CONTROL NUMBER
- control field: 44037
003 - CONTROL NUMBER IDENTIFIER
- control field: IT-RoPau
005 - DATE AND TIME OF LATEST TRANSACTION
- control field: 20151127122838.0
008 - FIXED-LENGTH DATA ELEMENTS
- fixed length control field: 151127|| aca||aabn | a|a d
040 ## - CATALOGING SOURCE
- Original cataloging agency: IT-RoPau
- Transcribing agency: IT-RoPau
100 ## - HEADING--PERSONAL NAME
- Personal name: Wenders Wim
- Miscellaneous information: Codice regista SPICS: 499
670 ## - SOURCE DATA FOUND
- Source citation: Work cat.: (IT-RoPau)105909: Wenders Wim Codice regista SPICS: 499, LISBON STORY LISBON STORY (Rif. Codice opera principale : H8903)